<?xml version="1.0" encoding="UTF-8"?><?xml-stylesheet type="text/xsl" href="static/style.xsl"?><OAI-PMH xmlns="http://www.openarchives.org/OAI/2.0/" xmlns:xsi="http://www.w3.org/2001/XMLSchema-instance" xsi:schemaLocation="http://www.openarchives.org/OAI/2.0/ http://www.openarchives.org/OAI/2.0/OAI-PMH.xsd"><responseDate>2026-04-18T07:28:44Z</responseDate><request verb="GetRecord" identifier="oai:www.recercat.cat:2072/63944" metadataPrefix="marc">https://recercat.cat/oai/request</request><GetRecord><record><header><identifier>oai:recercat.cat:2072/63944</identifier><datestamp>2024-12-13T10:01:31Z</datestamp><setSpec>com_2072_63425</setSpec><setSpec>com_2072_63424</setSpec><setSpec>com_2072_63412</setSpec><setSpec>com_2072_2015</setSpec><setSpec>col_2072_63426</setSpec></header><metadata><record xmlns="http://www.loc.gov/MARC21/slim" xmlns:dcterms="http://purl.org/dc/terms/" xmlns:xsi="http://www.w3.org/2001/XMLSchema-instance" xmlns:doc="http://www.lyncode.com/xoai" xsi:schemaLocation="http://www.loc.gov/MARC21/slim http://www.loc.gov/standards/marcxml/schema/MARC21slim.xsd">
   <leader>00925njm 22002777a 4500</leader>
   <datafield ind2=" " ind1=" " tag="042">
      <subfield code="a">dc</subfield>
   </datafield>
   <datafield ind2=" " ind1=" " tag="720">
      <subfield code="a">Olmo Ortiz, Juan Luis</subfield>
      <subfield code="e">author</subfield>
   </datafield>
   <datafield ind2=" " ind1=" " tag="260">
      <subfield code="c">2010-06-10T11:10:15Z</subfield>
   </datafield>
   <datafield ind2=" " ind1=" " tag="520">
      <subfield code="a">Amb l'evolució de les noves tecnologies, els Sistemes d'Informació Geogràfica (SIG) es basen cada vegada menys en plataformes propietàries (únicament a l'abast de grans companyies). L'objectiu que persegueix el Open Geospatial Consortium (OGC) és que tot el món pugui beneficiar-se de la informació geogràfica, fent que els serveis estiguin disponibles en qualsevol xarxa, aplicació o sistema.</subfield>
   </datafield>
   <datafield ind2=" " ind1=" " tag="520">
      <subfield code="a">Con la evolución de las nuevas tecnologías, los Sistemas de Información Geográfica (SIG) se basan cada vez menos en plataformas propietarias (únicamente al alcance de grandes compañías). El objetivo que persigue el Open Geospatial Consortium (OGC) es que todo el mundo pueda beneficiarse de la información geográfica, haciendo que los servicios estén disponibles en cualquier red, aplicación o sistema.</subfield>
   </datafield>
   <datafield ind2=" " ind1=" " tag="520">
      <subfield code="a">With the evolution of new technologies, Geographic Information Systems (GIS) are increasingly based on proprietary platforms (only within reach of large corporations). The objective pursued by the Open Geospatial Consortium (OGC) is that everyone be able to benefit from geographic information, ensuring that services are available in any network, application or system.</subfield>
   </datafield>
   <datafield ind1="8" ind2=" " tag="024">
      <subfield code="a">http://hdl.handle.net/10609/728</subfield>
   </datafield>
   <datafield tag="653" ind2=" " ind1=" ">
      <subfield code="a">Geography</subfield>
   </datafield>
   <datafield tag="653" ind2=" " ind1=" ">
      <subfield code="a">Geografia</subfield>
   </datafield>
   <datafield tag="653" ind2=" " ind1=" ">
      <subfield code="a">Geografía</subfield>
   </datafield>
   <datafield ind2="0" ind1="0" tag="245">
      <subfield code="a">Gestión en el territorio de una empresa de seguridad mediante estándares SIG e integración de datos con GOOGLE MAPS</subfield>
   </datafield>
</record></metadata></record></GetRecord></OAI-PMH>